Best Players in the Best Sports - Statistics

General Stats
  • This quiz has been taken 639 times
  • The average score is 6 of 15
Answer Stats
Sport Best Player Position (If Applicable) Team (If Applicable) % Correct
Soccer Lionel Messi FC Barcelona Forward
95%
Basketball Stephen Curry Golden State Warriors Point Guard
88%
Tennis (Womens) Serena Williams Not Applicable Not Applicable
80%
Tennis (Mens) Roger Federer Not Applicable Not Applicable
68%
Track and Field Usain Bolt Not Applicable Not Applicable
62%
American Football JJ Watt Defensive End Houston Texans
54%
Baseball Mike Trout Los Angeles Angels Outfielder
52%
Formula 1 Racing Lewis Hamilton Not Applicable Not Applicable
51%
Ice Hockey Patrick Kane Right Wing Chicago Blackhawks
29%
Cricket Steve Smith Australia Batsman
14%
Golf Jason Day Not Applicable Not Applicable
6%
Swimming Chad Le Clos Not Applicable Not Applicable
2%
Cycling Peter Sagan Not Apllicable Not Applicable
2%
Rugby David Pocock Brumbies Openside Flanker
1%
Boxing Roman Gonzalez Not Applicable Not Applicable
0%
No matching quizzes found
Score Distribution
Percent of People with Each Score
Percentile by Number Answered
Your Score History
You have not taken this quiz